02040nam a2200277 i 4500001000700000003000900007005001700016007000300033008004100036020001800077040001800095080002800113100003600141245013700177260005000314300006000364336002200424337003000446338002400476500001300500500002600513520101700539651007101556700003701627852009801664193407ES-MaACL20250709184438.0ta231121b sp ||||| |||| 00| 0 spa d a9782342034875 bspacES-MaACL a94(460)"1936/39"(093.3)1 aRejas, Mari Carmen,d1955-eaut10a1936, itinéraire d'un enfant espagnol :bPaco, l'impossible oubli /cMari Carmen Rejas ; [préface de Carmen Pineira-Tresmontant] aParis :bSociété des Écrivains;c[2015] a98 páginas :bilustraciones (blanco y negro) ;c21 cm 2rdacontentaTexto 2rdamediaasin mediación 2rdacarrieravolumen aÍndice aEn cub.: Témoignage aComment, vivant à Madrid en 1936, Paco s'est-il retrouvé en Belgique en 1939 ? Fils de républicain espagnol, il doit fuir l'Espagne au moment de la guerre civile, alors qu'il a à peine dix ans. Avant de quitter son pays, il passe pratiquement trois ans dans ce qu'on appelle alors las colonias. Comme bon nombre d'enfants, il est envoyé avec ses sœurs au début de la guerre dans ces « lieux de vacances » afin de les protéger des bombardements et des atrocités d'un conflit armé qui s'annonce avec force... Francisco Rejas a aujourd'hui quatre-vingt-cinq ans. Il en avait sept lorsqu'il fut séparé de ses parents... Il s'est confié à sa fille, dévoilant son incroyable parcours de niño de guerra. À travers ce témoignage poignant, grande et petite histoire s'entremêlent. Celle d'une famille, celle de l'Espagne entière. Celle de la guerre, de l'exil, du déracinement, mais aussi des retrouvailles. Une page de vie saisissante pour un indispensable devoir de mémoire. 4aEspaña-xHistoria-y1936-1939, Guerra civil-vRelatos personales1 aPineira-Tresmontant, Carmeneaui aES-MaACLbR. 154798cDEPOJjN-9558hDonación: Mari Carmen RejasxEncuadernación rústica